000 00499nam a2200169Ia 4500
999 _c12112
_d12112
003 OSt
005 20201022122229.0
008 190216s9999||||xx |||||||||||||| ||und||
040 _coclc
082 _a954.035092
_bUPA/M
100 _aUpadhyaya, J M
_96060
245 0 _aMahatma Gandhi As A Student /
_cJ M Upadhyaya
260 _bPublications Division,
_c1965.
_aNew Delhi:
300 _a82p
650 _aBiography
942 _cBK
_2ddc
_h954.035092
_iUPA/M
_k954.035092
_mUPA/M